logo

Bir Sreshtho Munshi Abdur Rouf Library
Jhenaidah Cadet College

Edgar Wallace : (Record no. 9650)

MARC details
000 -LEADER
fixed length control field 00838nam a2200265 a 4500
001 - CONTROL NUMBER
JCCL Control Number 9650
003 - CONTROL NUMBER IDENTIFIER
JCCL marc code BD-JhCC
005 - DATE AND TIME OF LATEST TRANSACTION
control field 20180321175326.0
008 - FIXED-LENGTH DATA ELEMENTS--GENERAL INFORMATION
fixed length control field 180321s1938 enkacfh b 001 0beng d
035 ## - SYSTEM CONTROL NUMBER
system control number (BD-JhCC)9650
040 ## - CATALOGING SOURCE
Original cataloging agency BD-JhCC
Description conventions rda
Modifying agency BD-JhCC
041 ## - LANGUAGE CODE
Language code of Book eng
050 00 - LIBRARY OF CONGRESS CALL NUMBER
Classification number PR6045.A327
Item number Z8
050 14 - LIBRARY OF CONGRESS CALL NUMBER
Classification number PR6045.A327
Item number Z8 1938
082 04 - DEWEY DECIMAL CLASSIFICATION NUMBER
Classification number 823.9
Author mark and Year LAN 1938
100 1# - MAIN ENTRY--PERSONAL NAME
Personal name Lane, Margaret,
Dates associated with a name 1907-1994,
245 10 - TITLE STATEMENT
Title Edgar Wallace :
Remainder of title the biography of a phenomenon /
Statement of responsibility, etc by Margaret Lane.
300 ## - PHYSICAL DESCRIPTION
Pagination xii, 338 pages, 25 unnumbered pages of plates :
Other physical details frontispiece, portraits, double facsim. ;
Dimensions 22 cm
504 ## - BIBLIOGRAPHY, ETC. NOTE
Bibliography, etc Includes bibliography and index.
600 10 - SUBJECT ADDED ENTRY--PERSONAL NAME
Personal name Wallace, Edgar,
Dates associated with a name 1875-1932.
650 #0 - SUBJECT ADDED ENTRY--TOPICAL TERM
Topical term or geographic name as entry element Authors, English
Chronological subdivision 20th century
Form subdivision Biography.
653 ## - INDEX TERM--UNCONTROLLED
Uncontrolled term Wallace, Edgar
942 ## - ADDED ENTRY ELEMENTS (KOHA)
Source of classification or shelving scheme Dewey Decimal Classification
Koha item type Books
Holdings
Source of classification or shelving scheme Damaged status Not for loan Home library Current library Shelving location Date of accession Total Checkouts Full call number Barcode Date last seen Copy number Koha item type
Dewey Decimal Classification     JCC Rouf Library JCC Rouf Library General Stacks 03/21/2018   823.9 LAN 1938 12648 03/21/2018 C-1 Books

JCC Library | Contacts | JCC Home

Last Update on 23 September 2017
Copyright @ 2017-2020 JCC Rouf Library
Rouf Library, Jhenidah Cadet College (JCC), Bangladesh